Normal view
MARC view
Entry Personal Name
001 - CONTROL NUMBER
- control field: 49674
003 - CONTROL NUMBER IDENTIFIER
- control field: OSt
005 - DATE AND TIME OF LATEST TRANSACTION
- control field: 20250103123752.0
008 - FIXED-LENGTH DATA ELEMENTS
- fixed length control field: 250103|| aca||aabn | a|a d
040 ## - CATALOGING SOURCE
- Original cataloging agency: OSt
- Transcribing agency: OSt
100 ## - HEADING--PERSONAL NAME
- Personal name: Chakrabarty, Nilanjana and Konwar, Juthika
670 ## - SOURCE DATA FOUND
- Source citation: Work cat.: (OSt): Chakrabarty, Nilanjana and Konwar, Juthika , An examination of socio-economic well- being in aspirational and non-aspirational districts of Assam: A comparative analysis of their performance
